Female representation at various levels of education in Kenya: identifying opportunities for policy, action and linkages / (Record no. 922)

000 -LEADER
fixed length control field 00724nam a22002177a 4500
003 - CONTROL NUMBER IDENTIFIER
control field OSt
005 - DATE AND TIME OF LATEST TRANSACTION
control field 20140116120841.0
008 - FIXED-LENGTH DATA ELEMENTS--GENERAL INFORMATION
fixed length control field 120528t xxu||||| |||| 00| 0 eng d
020 ## - INTERNATIONAL STANDARD BOOK NUMBER
International Standard Book Number 9966369988
050 ## - LIBRARY OF CONGRESS CALL NUMBER
Classification number LC213.5.F46 2010
245 ## - TITLE STATEMENT
Title Female representation at various levels of education in Kenya: identifying opportunities for policy, action and linkages /
Statement of responsibility, etc O. Mugenda, E. Kimani, L. Maina and M. Wainaina.
260 ## - PUBLICATION, DISTRIBUTION, ETC. (IMPRINT)
Place of publication, distribution, etc Nairobi :
Name of publisher, distributor, etc Longhorn Publishers,
Date of publication, distribution, etc 2010.
300 ## - PHYSICAL DESCRIPTION
Extent viii, 82p.
504 ## - BIBLIOGRAPHY, ETC. NOTE
Bibliography, etc Includes bibliographical references.
650 ## - SUBJECT ADDED ENTRY--TOPICAL TERM
Topical term or geographic name as entry element Gender disparity
Form subdivision Education.
700 ## - ADDED ENTRY--PERSONAL NAME
Personal name Mugenda, O.
700 ## - ADDED ENTRY--PERSONAL NAME
Personal name Kimani, E.
700 ## - ADDED ENTRY--PERSONAL NAME
Personal name Maina, L.
700 ## - ADDED ENTRY--PERSONAL NAME
Personal name Wainaina, M.
942 ## - ADDED ENTRY ELEMENTS (KOHA)
Source of classification or shelving scheme
Koha item type Book
Holdings
Withdrawn status Lost status Source of classification or shelving scheme Damaged status Not for loan Home library Current library Date acquired Source of acquisition Total Checkouts Total Renewals Full call number Barcode Date last seen Date checked out Copy number Price effective from Koha item type
          Riara University Library Riara University Library 28/05/2012 Purchase 1 1 LC213.5.F46 2010 3314/12 15/08/2012 29/05/2012 C.1 28/05/2012 Book
          Riara University Library Riara University Library 28/05/2012 Purchase 1   LC213.5.F46 2010 3312/12 12/03/2014 04/03/2014 C.2 28/05/2012 Book
          Riara University Library Riara University Library 28/05/2012 Purchase     LC213.5.F46 2010 3313/12 28/05/2012   C.3 28/05/2012 Book

Riara University Library,
P.O. Box 49940-00100,
Nairobi, Kenya.